<?xml version="1.0" encoding="UTF-8"?>
<collection xmlns="http://www.loc.gov/MARC21/slim">
  <record>
    <leader>00000nam  2200000   4500</leader>
    <controlfield tag="001">INLIS000000000020407</controlfield>
    <controlfield tag="005">20250617032257</controlfield>
    <datafield tag="035" ind1="#" ind2="#">
      <subfield code="a">0010-0625000149</subfield>
    </datafield>
    <controlfield tag="007">ta</controlfield>
    <controlfield tag="008">250617################|##########|#|##</controlfield>
    <datafield tag="084" ind1="#" ind2="#">
      <subfield code="a">R 097 PKN II 2023</subfield>
    </datafield>
    <datafield tag="100" ind1=" " ind2="#">
      <subfield code="a">Haris Setiawan</subfield>
    </datafield>
    <datafield tag="245" ind1="1" ind2="#">
      <subfield code="a">PROKLIM, Mitihasi Perubahan Iklim Melalui Kolaborasi Pengelolaan Sampah di Kampung Iklim /</subfield>
      <subfield code="c">Haris Setiawan</subfield>
    </datafield>
    <datafield tag="260" ind1="#" ind2="#">
      <subfield code="a">Jakarta :</subfield>
      <subfield code="b">Pusbangkom Pimnas dan Manajerial ASN,</subfield>
      <subfield code="c">2023</subfield>
    </datafield>
    <datafield tag="300" ind1="#" ind2="#">
      <subfield code="a">16 hlm. ;</subfield>
      <subfield code="c">30 cm</subfield>
    </datafield>
    <datafield tag="650" ind1="#" ind2="4">
      <subfield code="a">Pengelolaan Sampah</subfield>
    </datafield>
    <datafield tag="520" ind1="#" ind2="#">
      <subfield code="a">Desa Tukak Kabupaten Bangka Selatan selain merupakan wisata mangrove juga ditetapkan sebagai desa wisata daur ulang. Namun disisi lain terdapat permasalahan yaitu masih sampah yang dibuang langsung ke lahan kosong dan tidak dilakukan pemilihan, meningkatnya alih fungsi lahan menjadi pertambakan sehingga menimbulkan berkurangnya tutupan lahan dan timbunan sampah baik organik maupun anorganik, CSR perusahaan yang belum berorientasi pada lingkungan, kelembagaan yang belum terbentuk, dan bangunan bank sampah yang belum beroperasi.Tujuan dari proper ini adalah dibentuknya lembaga pengelola sampah dan berfungsinya bank sampah.</subfield>
    </datafield>
    <datafield tag="990" ind1="#" ind2="#">
      <subfield code="a">2407097</subfield>
    </datafield>
  </record>
</collection>
